| 000 | 00550nam a2200193Ia 4500 | ||
|---|---|---|---|
| 008 | 130531t2011 xxu||||| |||| 00| 0 sin d | ||
| 041 | _asin | ||
| 080 |
_a8-31 (Russian) _bGOG |
||
| 100 | _aGogol, Nikolai | ||
| 245 | _aහිම කබාය සහ තවත් කතා | ||
| 246 | _aHima Kabaya saha thawath Katha | ||
| 260 |
_aKurulu Poth _aRajagiriya _c2011 |
||
| 300 | _b161p, 21 cm | ||
| 700 | _aKuranage, Padmaharsha | ||
| 700 |
_aRudrigu, Dadigama V. _etr. |
||
| 942 | _cBK | ||
| 999 |
_c42321 _d42321 |
||
| 003 | LK-CoDNM | ||
| 040 |
_aLK-CoDNM _dLK-CoDNM _eLK-CoDNM |
||